000 00671nas a2200253 i 4500
001 2846
003 ES-MaACL
005 20250812062557.0
007 t|
008 010328c1950 it | | 0 ||ta d
080 _a(45)
080 _a7
080 _a82
245 0 0 _aParagone
_b: mensile di arte figurativa e letteratura /
_cdiretto da Roberto Longhi.
260 _aFirenze :
_bSansoni,
_c1950-
300 _a2 v. ;
_c22 cm.
362 0 _aAño 1 (1950)-
650 1 7 _aArte
_2embne
_910068
650 7 _aLiteratura
_2embne
_9141583
700 1 _aLonghi, Roberto.
_973239
852 _aES-MaACL
_jHEM-D-72
_xHem-1263
_d
866 0 _o1950.
999 _c2846
_d2846